Catálogo público

Azoxystrobin como ingrediente activo para el control de Fusarium oxysporum en agave tequilana Webwer var. azul / (Record no. 220107)

MARC details
000 -CABECERA
campo de control de longitud fija 02864nam a22003257a 4500
003 - IDENTIFICADOR DEL NÚMERO DE CONTROL
campo de control OSt
005 - FECHA Y HORA DE LA ÚLTIMA TRANSACCIÓN
campo de control 20250613142219.0
007 - CAMPO FIJO DE DESCRIPCIÓN FÍSICA--INFORMACIÓN GENERAL
campo de control de longitud fija cr ||||||a|c|a
008 - DATOS DE LONGITUD FIJA--INFORMACIÓN GENERAL
campo de control de longitud fija 240826s2023 mx ad||fom||| 001 0 spa d
040 ## - FUENTE DE LA CATALOGACIÓN
Normas de descripción rda
100 1# - ENTRADA PRINCIPAL--NOMBRE DE PERSONA
Nombre de persona Valencia Luna, Hugo Enrique
9 (RLIN) 189476
245 10 - MENCIÓN DE TÍTULO
Título Azoxystrobin como ingrediente activo para el control de Fusarium oxysporum en agave tequilana Webwer var. azul /
Mención de responsabilidad, etc. por Hugo Enrique Valencia Luna; presidente Jaime Alfredo Urzúa Gutierrez; secretario Calixto Leopoldo Carrillo Fonseca; vocal Marco Antonio Islas Herrera; suplente Candelario Santillan Ortega; suplente J. Antonio Tafoya Razo
264 #1 - PRODUCCIÓN, PUBLICACIÓN, DISTRIBUCIÓN, FABRICACIÓN Y COPYRIGHT
Producción, publicación, distribución, fabricación y copyright Chapingo, México :
Nombre del de productor, editor, distribuidor, fabricante El autor,
Fecha de producción, publicación, distribución, fabricación o copyright 2023.
300 ## - DESCRIPCIÓN FÍSICA
Extensión 1 recurso en línea (47 páginas):
Otras características físicas Ilustraciones, cuadros, gráficas
336 ## - TIPO DE CONTENIDO
Fuente rdacontent
Término de tipo de contenido texto
Código de tipo de contenido txt
337 ## - TIPO DE MEDIO
Fuente rdamedia
Nombre/término del tipo de medio computadora
Código del tipo de medio c
338 ## - TIPO DE SOPORTE
Fuente rdacarrier
Nombre/término del tipo de soporte recurso en línea
Código del tipo de soporte cr
502 ## - NOTA DE TESIS
Tipo de título Ingeniero Agrónomo Especialista en Parasitología Agrícola
Nombre de la institución que otorga el título Departamento de Enseñanza, Investigación y Servicio en Parasitología Agrícola,
Año de obtención del título 2023
Información miscelánea Licenciatura
504 ## - NOTA DE BIBLIOGRAFÍA, ETC.
Nota de bibliografía, etc. Incluye referencias bibliográficas: páginas 43-47
520 ## - SUMARIO, ETC.
Sumario, etc. El presente trabajo de realizó en los invernaderos del área de Malezas del Departamento de Parasitología Agrícola de la Universidad Autónoma Chapingo, Municipio de Texcoco, Estado de México con la finalidad de evaluar el control y efecto del ingrediente activo azoxystrobin sobre Fusarium oxysporum en Agave tequilana Weber var. Azul a diferentes dosis: 100, 200, 300 y 500 g de i.a./ ha. Las unidades experimentales son plantas de Agave tequilana Weber var. Azul de un año, con síntomas de marchitez y severidades grado 2 y 3. El diseño fue completamente al azar con 5 tratamientos y 8 repeticiones. Se realizaron dos aplicaciones de cada tratamiento con un lapso de 15 d entre cada una. Posteriormente se hicieron dos evaluaciones, la primera a los 15 d de la última aplicación del producto, y la segunda a los 5 d posteriores; las evaluaciones del control se realizaron en base a la característica de “falsa madurez de la piña” la cual consiste en una coloración amarillenta de la piña causada por la presencia del patógeno. No hubo diferencias significativas entre las dosis 300 y 500 g de i.a./ha, mostraron un control similar del patógeno; el tratamiento 5 correspondiente a 500 g de i.a / ha tuvo el mayor porcentaje de control.<br/>
650 #2 - PUNTO DE ACCESO ADICIONAL DE MATERIA--TÉRMINO DE MATERIA
Término de materia o nombre geográfico como elemento de entrada Fusarium oxysporum
Subdivisión general Control
9 (RLIN) 130783
650 #0 - PUNTO DE ACCESO ADICIONAL DE MATERIA--TÉRMINO DE MATERIA
Término de materia o nombre geográfico como elemento de entrada Agave tequilana
Subdivisión general Plagas
9 (RLIN) 164537
700 1# - PUNTO DE ACCESO ADICIONAL--NOMBRE DE PERSONA
Nombre de persona Urzúa Gutiérrez, Jaime Alfredo
9 (RLIN) 117018
Término indicativo de función/relación presidente
700 1# - PUNTO DE ACCESO ADICIONAL--NOMBRE DE PERSONA
Nombre de persona Carrillo Fonseca, Calixto Leopoldo
9 (RLIN) 19482
Término indicativo de función/relación secretario
700 1# - PUNTO DE ACCESO ADICIONAL--NOMBRE DE PERSONA
Nombre de persona Islas Herrera, Marco Antonio
9 (RLIN) 189478
Término indicativo de función/relación vocal
700 1# - PUNTO DE ACCESO ADICIONAL--NOMBRE DE PERSONA
Nombre de persona Santillán Ortega, Candelario
9 (RLIN) 102429
Término indicativo de función/relación suplente
700 0# - PUNTO DE ACCESO ADICIONAL--NOMBRE DE PERSONA
Nombre de persona Tafoya Razo, José Antonio
Término indicativo de función/relación suplente
9 (RLIN) 111341
856 ## - LOCALIZACIÓN Y ACCESO ELECTRÓNICOS
Identificador Uniforme del Recurso http://10.13.5.2/tesis/tl/1512642-9_Valencia_Luna_Hugo_Enrique.pdf
Nota pública DESCARGAR PDF
942 ## - ELEMENTOS DE PUNTO DE ACCESO ADICIONAL (KOHA)
Fuente del sistema de clasificación o colocación Clasificación Universidad Autónoma Chapingo
Tipo de ítem Koha Tesis digital
Holdings
Estado de retiro Estado de pérdida Fuente del sistema de clasificación o colocación Estado dañado Restricciones de uso No para préstamo Código de colección Localización permanente Ubicación/localización actual Ubicación en estantería Fecha de adquisición Total de préstamos Signatura topográfica completa Fecha visto por última vez Precio válido a partir de Tipo de ítem Koha
    Clasificación Universidad Autónoma de Chapingo   Préstamo interno   Tesis digitales de Licenciatura Biblioteca Digital Biblioteca Digital En línea 26/08/2024   Tesis digital 26/08/2024 26/08/2024 Tesis digital